| 000 | 00501nam a2200181Ia 4500 | ||
|---|---|---|---|
| 005 | 20250326130346.0 | ||
| 008 | 250326s9999 xx 000 0 und d | ||
| 037 | _aTextbook | ||
| 040 |
_aFMSL _beng _cFMSL |
||
| 041 |
_aeng _2eng |
||
| 084 |
_aX:75.44'N6 L2 _qFMSL |
||
| 100 |
_aStreeten P _9736589 |
||
| 245 | 0 |
_aCrisis of Indian planning _cStreeten P |
|
| 260 |
_aLondon _bLondon, ELBS Oxford _c1972 |
||
| 300 | _a416p | ||
| 942 |
_cTB _hX:75.44'N6 L2 |
||
| 999 |
_c1282129 _d1282129 |
||